20 mejores equipos de fútbol de Euskal Herria - Estadísticas

Estadísticas generales
  • Esta prueba ha sido intentada 214 veces
  • La puntuación promedio es 10 de 20
Estadísticas de respuestas
Probintzia Respuesta % Correcto
Bizkaia Athletic
99%
Gipuzkoa Real Sociedad
98%
Araba Alavés
96%
Nafarroa Osasuna
94%
Gipuzkoa Eibar
93%
Bizkaia Barakaldo CF
80%
Bizkaia CD Getxo
67%
Gipuzkoa Real Unión
63%
Bizkaia Sestao S.C.
61%
Bizkaia Amorebieta
60%
Bizkaia Getxoko Arenas
48%
Lapurdi Aviron Bayonnais
34%
Bizkaia SD Gernika
31%
Nafarroa CD Tudelano
30%
Gipuzkoa SD Beasain
26%
Nafarroa CD Izarra
20%
Bizkaia CD Baskonia
16%
Bizkaia SD Indautxu
13%
Bizkaia SD Erandio
8%
Bizkaia SD Lemona
6%
No se encontraron pruebas coincidentes
Distribución de puntuación
Porcentaje de gente con cada puntuación
Porcentaje por número respondido
Historial de tus puntuaciones
No has intentado esta prueba.